Luật thuế thu nhập cá nhân
Toàn văn luật thuế thu nhập cá nhân và các văn bản hướng dẫn thi hành luật của Chính phủ và Bộ tài chính
Sparad:
| Materialtyp: | Bok |
|---|---|
| Språk: | Undetermined |
| Publicerad: |
Hà Nội
Tư pháp
2009
|
| Ämnen: | |
| Taggar: |
Lägg till en tagg
Inga taggar, Lägg till första taggen!
|
| Thư viện lưu trữ: | Trung tâm Học liệu Trường Đại học Cần Thơ |
|---|
| LEADER | 00854nam a2200205Ia 4500 | ||
|---|---|---|---|
| 001 | CTU_153965 | ||
| 008 | 210402s9999 xx 000 0 und d | ||
| 020 | |c 5500 | ||
| 082 | |a 343.597052 | ||
| 082 | |b L504 | ||
| 245 | 0 | |a Luật thuế thu nhập cá nhân | |
| 260 | |a Hà Nội | ||
| 260 | |b Tư pháp | ||
| 260 | |c 2009 | ||
| 520 | |a Toàn văn luật thuế thu nhập cá nhân và các văn bản hướng dẫn thi hành luật của Chính phủ và Bộ tài chính | ||
| 650 | |a Value-added tax,Taxation,Hệ thống thuế,Thuế giá trị gia tăng | ||
| 650 | |x Law and legislation,Luật và các văn bản quy phạm pháp luật | ||
| 650 | |z Vietnam,Vietnam,Việt Nam,Việt Nam | ||
| 904 | |i Trọng Hải | ||
| 980 | |a Trung tâm Học liệu Trường Đại học Cần Thơ | ||